000 00547nam a22002057a 4500
003 OSt
005 20140310182905.0
008 130126t xxu||||| |||| 00| 0 eng d
020 _a9712320421
050 _aHM 51
_b.P163 1996
082 _aFIL 301
_bP17 1996
245 _aIntroduction to sociology and anthropology
_cPalispis, Epitacio S.
260 _aManila :
_bRex Book Store,
_cc1996.
300 _ax, 313 p. ;
_c23 cm.
521 _aCollege
526 _c1210L-1700L
541 _j1
562 _e1
942 _2lcc
_cBK
_kFIL
999 _c17142
_d17142